A vedic reader for students : (Record no. 124835)

MARC details
000 -LEADER
fixed length control field 00881nam a22002177a 4500
005 - DATE AND TIME OF LATEST TRANSACTION
control field 20170124105945.0
010 ## - LIBRARY OF CONGRESS CONTROL NUMBER
LC control number A-760949
020 ## - INTERNATIONAL STANDARD BOOK NUMBER
Terms of availability 00.00
International Standard Book Number 8186142681
037 ## - SOURCE OF ACQUISITION
Source of stock number/acquisition Cen Lib/Ret
040 ## - CATALOGING SOURCE
Original cataloging agency DPL
Language of cataloging EN
082 ## - DEWEY DECIMAL CLASSIFICATION NUMBER
Classification number 220.21
Item number MAC
100 ## - MAIN ENTRY--PERSONAL NAME
Personal name Macdonell, Arthur Anthony
9 (RLIN) 73759
245 #r - TITLE STATEMENT
Title A vedic reader for students :
Statement of responsibility, etc by Arthur Anthony Macdonell
Remainder of title containing thirty hymns on the rigveda in the original samhita and pada texts with transliteration, translation,explanatory ,notes ,introduction, vocabulary /
260 ## - PUBLICATION, DISTRIBUTION, ETC. (IMPRINT)
Name of publisher, distributor, etc Low Price Publications
Place of publication, distribution, etc Delhi
Date of publication, distribution, etc 1995
270 ## - ADDRESS
Address A-6,Nimri community center Ashok Vihar
City Delhi
Postal code 110052
300 ## - PHYSICAL DESCRIPTION
Extent xxxi,263p.
Dimensions 21m(Hb)
500 ## - GENERAL NOTE
General note Includes bibliographical references and index.
650 ## - SUBJECT ADDED ENTRY--TOPICAL TERM
Topical term or geographic name as entry element Vedic language -- Readers.
9 (RLIN) 73760
650 ## - SUBJECT ADDED ENTRY--TOPICAL TERM
Topical term or geographic name as entry element Vedic language
9 (RLIN) 73761
942 ## - ADDED ENTRY ELEMENTS (KOHA)
Source of classification or shelving scheme Dewey Decimal Classification
Koha item type English Books
Classification part 220.21
Call number suffix MAC
Holdings
Withdrawn status Lost status Damaged status Not for loan Home library Current library Date acquired Source of acquisition Cost, normal purchase price Total Checkouts Full call number Barcode Date last seen Date checked out Copy number Cost, replacement price Price effective from Koha item type
        Central Library Central Library 18/06/2015 Cen Lib/Ret 0.00 2 220.21 MAC A-760949 20/06/2017 30/05/2017 1 0.00 18/06/2015 English Books

© Delhi Public Library
Hit Counter
free hit counter